Wordt geladen...
Man power management
| Hoofdauteur: | |
|---|---|
| Formaat: | Printed Book |
| Taal: | Undetermined English |
| Gepubliceerd in: |
New Delhi
Prentice-Hall of India Private Limited
1984
|
| Editie: | 1 |
| Onderwerpen: |
| LEADER | 00665nam a2200217Ia 4500 | ||
|---|---|---|---|
| 008 | 140306s9999 xx 000 0 und d | ||
| 020 | |a 0 87692 0474 | ||
| 041 | |a eng | ||
| 082 | |a 658 .301 |b DWI/MA | ||
| 100 | |a Dwivedi, R S | ||
| 245 | |a Man power management | ||
| 250 | |a 1 | ||
| 260 | |a New Delhi |b Prentice-Hall of India Private Limited |c 1984 | ||
| 300 | |a 452 | ||
| 365 | |b Rs .39 | ||
| 650 | |a Man power planning | ||
| 650 | |a manpower recruitment | ||
| 650 | |a trainig | ||
| 942 | |2 ddc |c BK | ||
| 999 | |c 185693 |d 185693 | ||
| 952 | |0 0 |1 0 |2 ddc |4 0 |6 658_000000000000000__301_DWI_MA |7 0 |9 191588 |a KAUCBV |b KAUCBV |d 2004-11-03 |g 39.00 |o 658 .301 DWI/MA |r 2014-03-22 |w 2014-03-22 |y BK | ||